[Event "SVK-ch op"]
[Site "Ruzomberok"]
[Date "2019.07.04"]
[Round "6"]
[White "Mikulec, Martin"]
[Black "Taragel, Marian"]
[Result "1-0"]
[WhiteElo "1875"]
[BlackElo "1636"]
[PlyCount "41"]
[EventDate "2019.06.29"]
[EventType "swiss"]
[EventRounds "9"]
[EventCountry "SVK"]
[SourceTitle "CBM 191 Extra"]
[Source "ChessBase"]
[SourceDate "2019.09.30"]
[SourceVersion "1"]
[SourceVersionDate "2019.09.30"]
[SourceQuality "1"]

1. e4 e5 2. Nf3 Nc6 3. c3 d5 4. Qa4 f6 5. Bb5 Nge7 6. exd5 Qxd5 7. 0-0 e4 8. Nd4 Bd7 9. Nxc6 Nxc6 10. Re1 f5 11. d3 a6 12. Bc4 Qe5 13. Qc2 Na5 14. Nd2 Bc6 15. dxe4 fxe4 16. Bd3 Bd6 17. Nf3 Qf5 18. Bxe4 Bxe4 19. Rxe4+ Kf7 20. Re7+ Kf6 21. Rf7+ 1-0

[Event "SVK-ch op"]
[Site "Ruzomberok"]
[Date "2019.07.01"]
[Round "3"]
[White "Borsos, Bogdan"]
[Black "Taragel, Marian"]
[Result "1-0"]
[WhiteElo "2216"]
[BlackElo "1636"]
[PlyCount "87"]
[EventDate "2019.06.29"]
[EventType "swiss"]
[EventRounds "9"]
[EventCountry "SVK"]
[SourceTitle "CBM 191 Extra"]
[Source "ChessBase"]
[SourceDate "2019.09.30"]
[SourceVersion "1"]
[SourceVersionDate "2019.09.30"]
[SourceQuality "1"]

1. Nf3 Nf6 2. c4 e6 3. g3 d5 4. Bg2 Bd6 5. d4 0-0 6. 0-0 c6 7. Nc3 Nbd7 8. Nd2 dxc4 9. Nxc4 Bc7 10. b3 Nb6 11. Ba3 Re8 12. e3 Nfd5 13. Ne4 Nxc4 14. bxc4 Nf6 15. Nc5 Nd7 16. Nxd7 Qxd7 17. Rb1 b6 18. Qa4 Bb7 19. d5 exd5 20. cxd5 b5 21. dxc6 Bxc6 22. Bxc6 Qxc6 23. Qxb5 Qxb5 24. Rxb5 Rab8 25. Rfb1 Rxb5 26. Rxb5 Rb8 27. Rxb8+ Bxb8 28. Bc5 f6 29. Kf1 Kf7 30. Ke2 Ke6 31. Kd3 Kd5 32. Bd4 a6 33. e4+ Kc6 34. Kc4 Bd6 35. f4 Be7 36. g4 g6 37. h3 h6 38. Bc3 g5 39. f5 Bd8 40. e5 fxe5 41. Bxe5 Kd7 42. Kd5 Ke8 43. Ke6 Be7 44. Bg7 1-0

[Event "SVK-ch U16"]
[Site "Liptovsky Mikulas"]
[Date "2017.04.28"]
[Round "9"]
[White "Lopata, Daniel"]
[Black "Taragel, Marian"]
[Result "0-1"]
[WhiteElo "1686"]
[BlackElo "1378"]
[PlyCount "66"]
[EventDate "2017.04.22"]
[EventType "swiss"]
[EventRounds "9"]
[EventCountry "SVK"]
[SourceTitle "CBM 178 Extra"]
[Source "ChessBase"]
[SourceDate "2017.06.22"]
[SourceVersion "1"]
[SourceVersionDate "2017.06.22"]
[SourceQuality "1"]

1. e4 e5 2. Nf3 Nc6 3. Bc4 Bc5 4. 0-0 d6 5. c3 Nf6 6. d3 Bg4 7. Nbd2 Qd7 8. h3 Bh5 9. b4 Bb6 10. Re1 g5 11. Qb3 Rg8 12. a4 g4 13. hxg4 Qxg4 14. Kf1 Qxg2+ 15. Ke2 Bxf3+ 16. Nxf3 Qxf2+ 17. Kd1 Qxf3+ 18. Re2 Rg1+ 19. Kd2 Ng4 20. Kc2 Qxe2+ 21. Kb1 0-0-0 22. d4 Qd2 23. Qa3 Ne3 24. Bb3 Qd3+ 25. Ka2 Rg2+ 26. Bb2 Nc2 27. Bxc2 Qxc2 28. a5 Bxa5 29. bxa5 Nxa5 30. Rb1 Nc4 31. Qxa7 Nxb2 32. Qa8+ Kd7 33. Qxb7 Nc4+ 0-1

[Event "SVK-ch U14"]
[Site "Tatralandia"]
[Date "2015.04.22"]
[Round "6"]
[White "Sivcak, Matej"]
[Black "Taragel, Marian"]
[Result "1/2-1/2"]
[WhiteElo "1000"]
[BlackElo "1393"]
[PlyCount "76"]
[EventDate "2015.04.18"]
[EventType "swiss"]
[EventRounds "9"]
[EventCountry "SVK"]
[SourceTitle "CBM 166 Extra"]
[Source "ChessBase"]
[SourceDate "2015.06.18"]
[SourceVersion "1"]
[SourceVersionDate "2015.06.18"]
[SourceQuality "1"]

1. e4 e5 2. Nc3 Nf6 3. Bc4 Nc6 4. Nf3 Bc5 5. 0-0 0-0 6. d3 h6 7. Be3 Bb6 8. g3 Ng4 9. Re1 d6 10. Bxb6 axb6 11. Nh4 Nf6 12. Ng6 Re8 13. Nd5 Nxd5 14. Bxd5 Qf6 15. Bxc6 bxc6 16. Nh4 Qg5 17. Rf1 Bg4 18. f3 Qe3+ 19. Kg2 Be6 20. b3 Qg5 21. f4 exf4 22. Rxf4 Qe7 23. Nf5 Bxf5 24. Rxf5 g6 25. Rf3 d5 26. exd5 cxd5 27. a4 Qe2+ 28. Qxe2 Rxe2+ 29. Rf2 Rxf2+ 30. Kxf2 Kg7 31. Re1 Kf6 32. Kf3 h5 33. h4 Ra5 34. d4 Ra8 35. g4 hxg4+ 36. Kxg4 Rc8 37. Rf1+ Kg7 38. Re1 Kf6 1/2-1/2

[Event "SVK-ch U12"]
[Site "Stara Lubovna"]
[Date "2014.04.10"]
[Round "7"]
[White "Taragel, Marian"]
[Black "Ciglian, Michal"]
[Result "1/2-1/2"]
[WhiteElo "1247"]
[BlackElo "1177"]
[PlyCount "90"]
[EventDate "2014.04.05"]
[EventType "swiss"]
[EventRounds "9"]
[EventCountry "SVK"]
[SourceTitle "EXT 2016"]
[Source "ChessBase"]
[SourceDate "2015.10.08"]
[SourceVersion "1"]
[SourceVersionDate "2015.10.08"]
[SourceQuality "1"]

1. e4 e5 2. Nf3 Nc6 3. Bc4 Bc5 4. c3 Nf6 5. d4 exd4 6. cxd4 Bb4+ 7. Bd2 Bxd2+ 8. Nbxd2 d5 9. exd5 Nxd5 10. Qb3 Nce7 11. 0-0 c6 12. Rfe1 0-0 13. Qa3 Re8 14. Ne4 b5 15. Bxd5 Nxd5 16. Re2 h6 17. Rae1 Bb7 18. Nd6 Rxe2 19. Rxe2 b4 20. Nxb7 bxa3 21. Nxd8 Rxd8 22. bxa3 Nc3 23. Rc2 Nb5 24. Rxc6 Nxd4 25. Nxd4 Rxd4 26. g3 Rd2 27. Ra6 Rd7 28. Kg2 f6 29. Kh3 Kf7 30. g4 g5 31. f3 Kg6 32. Kg3 Rc7 33. h4 gxh4+ 34. Kxh4 Rh7 35. Kg3 Rc7 36. f4 Rc3+ 37. Kh4 Rc7 38. g5 hxg5+ 39. fxg5 Rc4+ 40. Kg3 Kxg5 41. Rxa7 Rc3+ 42. Kf2 Rc2+ 43. Kf3 Rxa2 44. a4 Ra3+ 45. Kf2 Kf4 1/2-1/2

[Event "SVK-ch U12"]
[Site "Stara Lubovna"]
[Date "2014.04.09"]
[Round "6"]
[White "Filipek, Norbert"]
[Black "Taragel, Marian"]
[Result "1-0"]
[WhiteElo "1291"]
[BlackElo "1247"]
[PlyCount "87"]
[EventDate "2014.04.05"]
[EventType "swiss"]
[EventRounds "9"]
[EventCountry "SVK"]
[SourceTitle "EXT 2016"]
[Source "ChessBase"]
[SourceDate "2015.10.08"]
[SourceVersion "1"]
[SourceVersionDate "2015.10.08"]
[SourceQuality "1"]

1. e4 e5 2. Nf3 Nc6 3. d4 exd4 4. Nxd4 Bc5 5. Be3 Qf6 6. c3 Nge7 7. Bb5 Ne5 8. b4 Bb6 9. Nd2 N7c6 10. Qe2 Nxd4 11. cxd4 Nc6 12. Bxc6 bxc6 13. Nf3 c5 14. bxc5 Bxc5 15. e5 Bb4+ 16. Nd2 Qb6 17. Qg4 Bxd2+ 18. Bxd2 g6 19. 0-0 c6 20. Qh4 Ba6 21. Rfe1 Qd8 22. Bg5 Qb6 23. Rab1 Qc7 24. Bf6 Rf8 25. Qxh7 Rb8 26. Rxb8+ Qxb8 27. h3 Qb4 28. Rc1 Qb2 29. Re1 Qb4 30. Re3 Qb1+ 31. Kh2 Qxa2 32. Kg3 Bc4 33. Bg7 a5 34. Bxf8 Kxf8 35. Qh8+ Ke7 36. Qf6+ Ke8 37. Qd6 a4 38. Qb4 Bb3 39. Rf3 Qa1 40. Rf4 Qb2 41. Rh4 Kd8 42. Qb8+ Ke7 43. Qd6+ Ke8 44. Rh8# 1-0

[Event "SVK-ch U12"]
[Site "Stara Lubovna"]
[Date "2014.04.06"]
[Round "2"]
[White "Jakab, Bela"]
[Black "Taragel, Marian"]
[Result "1-0"]
[WhiteElo "1705"]
[BlackElo "1247"]
[PlyCount "81"]
[EventDate "2014.04.05"]
[EventType "swiss"]
[EventRounds "9"]
[EventCountry "SVK"]
[SourceTitle "EXT 2016"]
[Source "ChessBase"]
[SourceDate "2015.10.08"]
[SourceVersion "1"]
[SourceVersionDate "2015.10.08"]
[SourceQuality "1"]

1. e4 e5 2. Nf3 Nc6 3. Bc4 Be7 4. c3 Nf6 5. d3 0-0 6. 0-0 d5 7. exd5 Nxd5 8. Re1 Bf6 9. Nbd2 Nb6 10. Ne4 Bf5 11. Bb3 Qd7 12. Qe2 Rad8 13. Bc2 Rfe8 14. Be3 Bg6 15. Rad1 Qf5 16. Nxf6+ gxf6 17. Nh4 Qe6 18. Nxg6 fxg6 19. Bxb6 axb6 20. Bb3 Rd5 21. Bxd5 Qxd5 22. a3 Qb3 23. d4 Rd8 24. dxe5 Rxd1 25. Rxd1 fxe5 26. Qd2 Qc4 27. Qd5+ Qxd5 28. Rxd5 h6 29. Rd7 Nb8 30. Rd8+ Kh7 31. Rxb8 h5 32. Rxb7 h4 33. Rxc7+ Kh6 34. Rb7 g5 35. Rxb6+ Kh7 36. a4 g4 37. a5 e4 38. a6 Kg8 39. Rb7 Kf8 40. a7 Kg8 41. a8Q# 1-0